[Event "Barcelona Sants op-A 23rd"]
[Site "Barcelona"]
[Date "2022.08.19"]
[Round "1"]
[White "Llopis de Aysa, Manuel"]
[Black "Alsina Leal, Daniel"]
[Result "0-1"]
[WhiteElo "2023"]
[BlackElo "2521"]
[PlyCount "84"]
[EventDate "2022.08.19"]
[EventType "swiss"]
[EventRounds "10"]
[EventCountry "ESP"]
[SourceTitle "CBM 209 Extra"]
[Source "ChessBase"]
[SourceDate "2022.09.30"]
[SourceVersion "1"]
[SourceVersionDate "2022.09.30"]
[SourceQuality "1"]

1. d4 Nf6 2. Nf3 c5 3. d5 b5 4. Bg5 g6 5. Bxf6 exf6 6. e3 b4 7. Nbd2 Bg7 8. Nc4 0-0 9. a3 f5 10. g3 d6 11. Bg2 Nd7 12. axb4 Nb6 13. Nfd2 cxb4 14. 0-0 Nxc4 15. Nxc4 a5 16. Re1 Qc7 17. Bf1 Ba6 18. b3 Bxa1 19. Qxa1 a4 20. Qd4 Bxc4 21. Bxc4 a3 22. c3 bxc3 23. Qxc3 Qe7 24. Ra1 Qe5 25. Qxe5 dxe5 26. Bb5 Ra5 27. Ba4 Rxd5 28. Rxa3 Rc8 29. Ra2 Rc1+ 30. Kg2 Rcd1 31. Bc6 R5d2 32. Rxd2 Rxd2 33. b4 Rb2 34. b5 Kf8 35. h4 Ke7 36. Kf3 f6 37. Kg2 g5 38. h5 h6 39. Kf3 e4+ 40. Kg2 Ke6 41. Kf1 Ke5 42. Bd7 f4 0-1

[Event "Skalica op"]
[Site "Skalica"]
[Date "2021.08.25"]
[Round "5"]
[White "Hryzlova, Sofiia"]
[Black "Llopis de Aysa, Manuel"]
[Result "1-0"]
[WhiteElo "2092"]
[BlackElo "2031"]
[PlyCount "79"]
[EventDate "2021.08.21"]
[EventType "swiss"]
[EventRounds "9"]
[EventCountry "SVK"]
[SourceTitle "CBM 204 Extra"]
[Source "ChessBase"]
[SourceDate "2021.11.30"]
[SourceVersion "1"]
[SourceVersionDate "2021.11.30"]
[SourceQuality "1"]

1. c4 e5 2. g3 d6 3. Bg2 g6 4. Nc3 Bg7 5. d3 Ne7 6. e3 0-0 7. Nge2 c6 8. e4 Be6 9. 0-0 Qd7 10. Be3 c5 11. a3 Nbc6 12. Rb1 f5 13. Nd5 Nd4 14. b4 fxe4 15. dxe4 Nxd5 16. cxd5 Bg4 17. Bxd4 Bxe2 18. Qxe2 cxd4 19. h4 Rac8 20. Rb3 Qc7 21. Rbb1 Qc2 22. Qg4 d3 23. Qe6+ Kh8 24. Qxd6 d2 25. Rbd1 Qd3 26. Qe7 Bf6 27. Qxb7 Rc3 28. Qxa7 Qe2 29. f3 Re3 30. Qc5 Bg7 31. Qc2 Rd3 32. Rf2 Qe1+ 33. Kh2 Qxf2 34. Qxd3 Bh6 35. d6 Qe1 36. Qf1 Qe3 37. d7 Qxa3 38. Qb5 Qc3 39. Qc5 Qb3 40. Qxf8+ 1-0

[Event "Skalica op"]
[Site "Skalica"]
[Date "2021.08.24"]
[Round "4"]
[White "Llopis de Aysa, Manuel"]
[Black "Albertini, Luca"]
[Result "0-1"]
[WhiteElo "2031"]
[BlackElo "2148"]
[PlyCount "76"]
[EventDate "2021.08.21"]
[EventType "swiss"]
[EventRounds "9"]
[EventCountry "SVK"]
[SourceTitle "CBM 204 Extra"]
[Source "ChessBase"]
[SourceDate "2021.11.30"]
[SourceVersion "1"]
[SourceVersionDate "2021.11.30"]
[SourceQuality "1"]

1. d4 Nf6 2. Nf3 e6 3. c4 d5 4. Nc3 Bb4 5. cxd5 exd5 6. Qa4+ Nc6 7. Bg5 0-0 8. e3 h6 9. Bxf6 Qxf6 10. Rc1 Qg6 11. Qd1 Bg4 12. Be2 Be6 13. 0-0 f5 14. Bd3 Qf6 15. a3 Bxc3 16. Rxc3 f4 17. Bb5 Bg4 18. Bxc6 bxc6 19. h3 Bh5 20. exf4 Qxf4 21. g4 Be8 22. Ne5 a5 23. Rf3 Qg5 24. Rxf8+ Kxf8 25. f4 Qh4 26. Rf3 Rb8 27. b3 Qe7 28. Qc1 Rb5 29. Re3 Qf6 30. Rc3 Kg8 31. Kg2 Bg6 32. Rxc6 Be4+ 33. Kg3 Rxb3+ 34. Rc3 Rb1 35. Qe3 Rb2 36. Nf3 g5 37. Rxc7 gxf4+ 38. Qxf4 Rg2+ 0-1

[Event "Prague op"]
[Site "Prague"]
[Date "2021.06.14"]
[Round "1"]
[White "Llopis de Aysa, Manuel"]
[Black "Plat, Vojtech"]
[Result "0-1"]
[WhiteElo "2060"]
[BlackElo "2521"]
[PlyCount "56"]
[EventDate "2021.06.14"]
[EventType "swiss"]
[EventRounds "9"]
[EventCountry "CZE"]
[SourceTitle "CBM 203 Extra"]
[Source "ChessBase"]
[SourceDate "2021.09.30"]
[SourceVersion "1"]
[SourceVersionDate "2021.09.30"]
[SourceQuality "1"]

1. d4 Nf6 2. Nf3 g6 3. c4 Bg7 4. Nc3 d5 5. Bg5 Ne4 6. Bf4 Nxc3 7. bxc3 c5 8. cxd5 cxd4 9. cxd4 Qxd5 10. e3 Nc6 11. Be2 Qa5+ 12. Qd2 Qxd2+ 13. Kxd2 0-0 14. Rhc1 Rd8 15. Ke1 Bf5 16. Nh4 Be4 17. f3 Bd5 18. e4 Nxd4 19. exd5 Nxe2 20. Kxe2 Bxa1 21. Rxa1 Rxd5 22. g4 g5 23. Nf5 Rxf5 24. gxf5 gxf4 25. Rc1 Kg7 26. Rc7 b6 27. Rxe7 Kf6 28. Re4 Rg8 0-1

[Event "Catalunya-chT Gp2"]
[Site "Barcelona"]
[Date "2020.01.18"]
[Round "1.10"]
[White "Roca Planas, Edgar"]
[Black "Llopis de Aysa, Manuel"]
[Result "0-1"]
[WhiteElo "1899"]
[BlackElo "2066"]
[PlyCount "60"]
[EventDate "2020.01.18"]
[EventType "team-tourn"]
[EventRounds "7"]
[EventCountry "ESP"]
[SourceTitle "CBM 194 Extra"]
[Source "ChessBase"]
[SourceDate "2020.03.31"]
[SourceVersion "1"]
[SourceVersionDate "2020.03.31"]
[SourceQuality "1"]
[WhiteTeam "Sant Andreu"]
[BlackTeam "Barcelona Escola Escacs"]
[WhiteTeamCountry "ESP"]
[BlackTeamCountry "ESP"]

1. e4 g6 2. d4 Bg7 3. g3 d5 4. e5 c5 5. c3 Nc6 6. Bg2 Bf5 7. Ne2 Bxb1 8. Rxb1 e6 9. b4 cxb4 10. cxb4 Nge7 11. 0-0 0-0 12. a4 Qd7 13. Bd2 a6 14. Bc3 Rfc8 15. Qd2 Na7 16. Ra1 Rc4 17. Rfc1 Rac8 18. Bf1 Qc6 19. Ra3 Nf5 20. Rb1 Bh6 21. f4 Bf8 22. Rbb3 Qd7 23. Nc1 R4c7 24. Nd3 b6 25. a5 Nb5 26. axb6 Nfxd4 27. Kf2 Nxb3 28. Rxb3 Rxc3 29. Rxc3 Nxc3 30. Qe3 Nd1+ 0-1

[Event "Catalunya-chT Gp2"]
[Site "Barcelona"]
[Date "2019.02.02"]
[Round "3.10"]
[White "Herrero Nogareda, Robert"]
[Black "Llopis de Aysa, Manuel"]
[Result "0-1"]
[WhiteElo "1614"]
[BlackElo "2105"]
[PlyCount "90"]
[EventDate "2019.01.19"]
[EventType "team-tourn"]
[EventRounds "7"]
[EventCountry "ESP"]
[SourceTitle "CBM 188 Extra"]
[Source "ChessBase"]
[SourceDate "2019.02.26"]
[SourceVersion "1"]
[SourceVersionDate "2019.02.26"]
[SourceQuality "1"]
[WhiteTeam "Olot"]
[BlackTeam "Barcelona Escola Escacs"]
[WhiteTeamCountry "ESP"]
[BlackTeamCountry "ESP"]

1. d4 g6 2. c4 d6 3. Nc3 Bg7 4. e4 e5 5. Be3 exd4 6. Bxd4 Nf6 7. Nf3 Nc6 8. Be2 Nxd4 9. Nxd4 0-0 10. 0-0 Re8 11. Qd3 Nd7 12. b4 a5 13. bxa5 Nc5 14. Qe3 c6 15. f3 Qf6 16. Rfd1 Rxa5 17. Rac1 Ra3 18. Qd2 h5 19. Nb1 Qxd4+ 20. Qxd4 Bxd4+ 21. Rxd4 Rxa2 22. Bd1 Be6 23. Rxd6 Ra1 24. Be2 Rea8 25. Rdd1 Kf8 26. Nc3 R1a3 27. Rc2 Ke7 28. Rb1 Kd6 29. h3 h4 30. Kf2 g5 31. Rd2+ Ke7 32. Rc2 R8a7 33. Nd1 f5 34. Nc3 fxe4 35. Nxe4 Nxe4+ 36. fxe4 Kd6 37. c5+ Ke5 38. Rb4 R3a4 39. Rcb2 Ra2 40. Ke3 R7a3+ 41. Bd3 Rxb2 42. Rxb2 Bc4 43. Rd2 Rc3 44. Ke2 Rxd3 45. Rxd3 Kxe4 0-1

[Event "Prague op-A 18th"]
[Site "Prague"]
[Date "2019.01.15"]
[Round "6"]
[White "Llopis de Aysa, Manuel"]
[Black "Bhakti, Kulkarni"]
[Result "0-1"]
[WhiteElo "2105"]
[BlackElo "2303"]
[PlyCount "63"]
[EventDate "2019.01.11"]
[EventType "swiss"]
[EventRounds "9"]
[EventCountry "CZE"]
[SourceTitle "CBM 188 Extra"]
[Source "ChessBase"]
[SourceDate "2019.02.26"]
[SourceVersion "1"]
[SourceVersionDate "2019.02.26"]
[SourceQuality "1"]

1. d4 Nf6 2. Nf3 d5 3. c4 e6 4. cxd5 exd5 5. Nc3 Be7 6. Bg5 c6 7. e3 h6 8. Bh4 Bf5 9. Bd3 Bxd3 10. Bxf6 Bxf6 11. Qxd3 0-0 12. 0-0 a5 13. a3 a4 14. Qc2 Qa5 15. e4 dxe4 16. Nxe4 Nd7 17. Rae1 Rae8 18. h3 Be7 19. Nc3 b5 20. Ne5 Nxe5 21. Rxe5 Bd6 22. Rxe8 Rxe8 23. Qd3 Rd8 24. Qf3 Qb6 25. g3 Bf8 26. d5 c5 27. Qd3 c4 28. Qe2 Rb8 29. Na2 Bd6 30. Qd2 Bxg3 31. d6 Rd8 32. d7 0-1

[Event "Berlin Lichtenrade op 14th"]
[Site "Berlin"]
[Date "2018.11.01"]
[Round "6"]
[White "Llopis de Aysa, Manuel"]
[Black "Zhou, Lepu Coco"]
[Result "1-0"]
[WhiteElo "2092"]
[BlackElo "1617"]
[PlyCount "91"]
[EventDate "2018.10.27"]
[EventType "swiss"]
[EventRounds "9"]
[EventCountry "GER"]
[SourceTitle "CBM 187 Extra"]
[Source "ChessBase"]
[SourceDate "2018.11.04"]
[SourceVersion "1"]
[SourceVersionDate "2018.11.04"]
[SourceQuality "1"]

1. d4 Nf6 2. Nf3 g6 3. c4 Bg7 4. Nc3 0-0 5. e4 d6 6. Be2 e5 7. d5 Nbd7 8. Bg5 h6 9. Bh4 a5 10. Nd2 c6 11. 0-0 Qb6 12. Rb1 Ne8 13. Be7 f5 14. Bxf8 Nxf8 15. a3 f4 16. Bg4 Bxg4 17. Qxg4 Nf6 18. Qe2 g5 19. b4 Qd4 20. Nb3 Qa7 21. Nxa5 cxd5 22. Nxd5 Nxd5 23. cxd5 Ng6 24. Rfc1 b6 25. Nc4 Nh4 26. g3 f3 27. Qe3 Qd7 28. Kh1 Qg4 29. Rg1 Ng6 30. Nd2 Rf8 31. Rb3 Qh3 32. Nxf3 g4 33. Nd2 Nh8 34. f3 Nf7 35. fxg4 Qxg4 36. Re1 h5 37. Qf3 Qg5 38. Qg2 Bh6 39. Nf3 Qg6 40. Nh4 Qg5 41. Rf3 Bg7 42. Qh3 Nd8 43. Rxf8+ Bxf8 44. Qf5 Be7 45. Ng6 Qxf5 46. Nxe7+ 1-0

[Event "Dubai op 20th"]
[Site "Dubai"]
[Date "2018.04.07"]
[Round "5"]
[White "Llopis de Aysa, Manuel"]
[Black "Bhakti, Kulkarni"]
[Result "0-1"]
[WhiteElo "2147"]
[BlackElo "2317"]
[PlyCount "156"]
[EventDate "2018.04.02"]
[EventType "swiss"]
[EventRounds "9"]
[EventCountry "UAE"]
[SourceTitle "CBM 183 Extra"]
[Source "ChessBase"]
[SourceDate "2018.04.19"]
[SourceVersion "1"]
[SourceVersionDate "2018.04.19"]
[SourceQuality "1"]

1. d4 d5 2. Nf3 Nf6 3. e3 Bg4 4. h3 Bxf3 5. Qxf3 e6 6. Bd3 c5 7. Bb5+ Nc6 8. 0-0 a6 9. Bxc6+ bxc6 10. c4 Be7 11. Nc3 0-0 12. Rd1 Qc7 13. Qe2 Rfd8 14. b3 cxd4 15. exd4 c5 16. dxc5 Qxc5 17. Na4 Qa7 18. cxd5 Nxd5 19. Bb2 Bf6 20. Bxf6 Nxf6 21. Rxd8+ Rxd8 22. Rc1 h6 23. Rc5 Qb7 24. Nc3 Rd4 25. Rc4 Qd7 26. Rxd4 Qxd4 27. Qc2 a5 28. g3 h5 29. Ne2 Qe5 30. h4 Nd5 31. Qd2 Qe4 32. Kh2 g6 33. Kg1 Kh7 34. Kh2 e5 35. Kg1 Nb4 36. Nc3 Qd4 37. Qe3 Nc2 38. Qf3 Kg7 39. Ne4 Qb6 40. Ng5 f6 41. Ne4 Qc6 42. Qe2 Nd4 43. Qd3 Qd5 44. Nd2 f5 45. Kh2 Qc5 46. Qc4 Nxb3 47. Qxc5 Nxc5 48. Nc4 Nd3 49. Kg2 a4 50. Kf1 Kf6 51. Nb6 a3 52. Nc4 Nb4 53. Nxa3 Nxa2 54. Nb5 Nb4 55. Ke2 Nd5 56. Nd6 Ke6 57. Nc4 Nb4 58. f3 Kd5 59. Nb6+ Kd4 60. Nd7 Nd5 61. Nf8 Ne7 62. Ne6+ Kd5 63. Nf8 f4 64. gxf4 exf4 65. Kd3 Ke5 66. Ke2 Kf6 67. Kf2 Nf5 68. Nd7+ Ke7 69. Nc5 Nxh4 70. Nd3 g5 71. Nc5 Kf6 72. Nd3 Kf5 73. Nb4 g4 74. fxg4+ hxg4 75. Nd3 g3+ 76. Kf1 f3 77. Nc5 Ng6 78. Kg1 Nf4 0-1

[Event "Krakow op-A 28th"]
[Site "Krakow"]
[Date "2017.12.30"]
[Round "5"]
[White "Pogan, Nikolas"]
[Black "Llopis de Aysa, Manuel"]
[Result "1/2-1/2"]
[WhiteElo "2264"]
[BlackElo "2132"]
[PlyCount "103"]
[EventDate "2017.12.27"]
[EventType "swiss"]
[EventRounds "9"]
[EventCountry "POL"]
[SourceTitle "CBM 182 Extra"]
[Source "ChessBase"]
[SourceDate "2018.02.23"]
[SourceVersion "1"]
[SourceVersionDate "2018.02.23"]
[SourceQuality "1"]

1. d4 g6 2. Nf3 Bg7 3. c4 d6 4. Nc3 e5 5. dxe5 dxe5 6. Qxd8+ Kxd8 7. g3 f6 8. Bg2 c6 9. Be3 Kc7 10. 0-0 Be6 11. Rfc1 Ne7 12. Ne4 Nd7 13. Bd2 f5 14. Bb4 Nc8 15. Neg5 Bg8 16. e4 h6 17. Nh3 g5 18. Rd1 g4 19. Nh4 Bh7 20. Kh1 gxh3 21. Bxh3 c5 22. Nxf5 Bxf5 23. Bxf5 Ncb6 24. Ba5 Rhd8 25. b4 Bf8 26. Rd5 cxb4 27. Rad1 Nc5 28. Kg2 Rxd5 29. Rxd5 Bd6 30. f4 Re8 31. Kf3 Kc6 32. Bxb6 axb6 33. h4 Nd7 34. Bxd7+ Kxd7 35. f5 Ke7 36. g4 Rg8 37. Kg3 Kd7 38. g5 hxg5 39. h5 g4 40. Rd1 Ke7 41. h6 Rh8 42. Rh1 Rh7 43. Kxg4 Kf7 44. Kg5 Be7+ 45. Kh5 Bf8 46. Kg5 Bc5 47. Rh3 Be7+ 48. Kh5 Bf8 49. Kg5 Be7+ 50. Kh5 Bf8 51. Kg5 Be7+ 52. Kh5 1/2-1/2

[Event "Krakow op-A 28th"]
[Site "Krakow"]
[Date "2017.12.27"]
[Round "1"]
[White "Dietmayer Kraeutler, Marco"]
[Black "Llopis de Aysa, Manuel"]
[Result "1-0"]
[WhiteElo "2328"]
[BlackElo "2132"]
[PlyCount "119"]
[EventDate "2017.12.27"]
[EventType "swiss"]
[EventRounds "9"]
[EventCountry "POL"]
[SourceTitle "CBM 182 Extra"]
[Source "ChessBase"]
[SourceDate "2018.02.23"]
[SourceVersion "1"]
[SourceVersionDate "2018.02.23"]
[SourceQuality "1"]

1. d4 g6 2. c4 Bg7 3. Nf3 d6 4. Nc3 e5 5. e4 Nc6 6. d5 Nd4 7. Nxd4 exd4 8. Nb5 a6 9. Nxd4 Qh4 10. Qd3 Nf6 11. g3 Qxe4+ 12. Qxe4+ Nxe4 13. Be3 0-0 14. f3 Nf6 15. Bd3 Re8 16. Kd2 Bd7 17. Rae1 Re7 18. Bf2 Rxe1 19. Rxe1 Re8 20. Rxe8+ Bxe8 21. b4 Nd7 22. f4 Nf6 23. h3 Bd7 24. g4 Bc8 25. a4 Kf8 26. a5 Ke8 27. Be3 h6 28. Bc2 Kf8 29. Ke2 Ke7 30. Kf3 Kf8 31. Kg3 Ke7 32. Bd3 Kf8 33. Ne2 Ke7 34. Ba7 Kd8 35. Nd4 Ke7 36. Kf3 Kd8 37. Ke3 Ke7 38. Be2 Kd8 39. Bf3 Bd7 40. b5 Kc8 41. bxa6 bxa6 42. Nc6 Ng8 43. Kd3 Bf6 44. Be3 Bh4 45. Kd2 Bf6 46. Nb4 Kb7 47. Be2 c5 48. dxc6+ Bxc6 49. Nxc6 Kxc6 50. Bf3+ Kc7 51. Bd5 Ne7 52. Bb6+ Kd7 53. Bxf7 Kc6 54. Be8+ Kb7 55. Kd3 d5 56. Bd4 dxc4+ 57. Kxc4 Bh4 58. Kc5 Be1 59. Bf6 Ng8 60. Bd8 1-0